03141cam a22003734a 450000100090000000300040000900500170001300800410003001000170007102000180008802000150010603500200012104000220014104200080016305000150017106000100018608200150019610000210021124500970023225000120032926000460034130000350038750001230042250400510054550519390059665000180253565000180255365000250257165000520259665000450264865000270269365000250272070000220274516647503OSt20230419124403.0110209s2011 paua b 001 0 eng  a 2011006059 a9780803622357 a080362235X a(DNLM)101553742 aDNLM/DLCcLCdDLC apcc00aRM300.W96 10aQV 3800a615/.12221 aWoo, Teri Moser,10aPharmacotherapeutics for nurse practitioner prescribers. /cTeri Moser Woo, Anita Lee Wynne. a3rd ed. aPhiladelphia, PA:bF.A. Davis Co.,c2011. axvi, 1499 p. :bill. ;c29 cm. aRev. ed. of: Pharmacotherapeutics for nurse practitioner prescribers / Anita Lee Wynne, Teri Moser Woo, Ali J. Olyaei. aIncludes bibliographical references and index. aContents: The role of the nurse practitioner as prescriber -- Review of basic principles of pharmacology -- Rational drug selection -- Legal and professional issues in prescribing -- Adverse drug reactions -- Factors that foster positive outcomes -- Cultural and ethnic influences in pharmacotherapeutics -- Pharmacogenomics -- Nutrition and nutraceuticals -- Herbal and complementary therapies -- Information technology and pharmacotherapeutics -- Pharmacoeconomics -- Over-the-counter medications -- Drugs affecting the autonomic nervous system -- Drugs affecting the central nervous system -- Drugs affecting the cardiovascular and renal systems -- Drugs affecting the respiratory system -- Drugs affecting the hematopoietic system -- Drugs affecting the immune system -- Drugs affecting the gastrointestinal system -- Drugs affecting the endocrine system -- Drugs affecting the reproductive system -- Drugs affecting the integumentary system -- Drugs used in treating infectious diseases -- Drugs used in treating inflammatory processes -- Drugs in treating eye and ear disorders -- Anemia -- Chronic stable angina and low-risk unstable angina -- Anxiety and depression -- Asthma and chronic obstructive pulmonary disease -- Contraception -- Dermatological conditions -- Diabetes Mellitus -- Gastroesophagael reflux and peptic ulcer disease -- Headaches -- Heart failure -- Human immunodeficiency virus disease and acquired immunodeficiency syndrome -- Hormone replacement therapy and osteoporosis -- Hyperlipidemia -- Hypertension -- Hyperthyroidism and hypothyroidism -- Pneumonia -- Smoking cessation -- Sexually transmitted infections and vaginitis -- Tuberculosis -- Upper respiratory infections, otitis media and otitis externa -- Urinary tract infections -- Women as patients -- Men as patients -- Pediatric patients -- Geriatric patients -- Chronic illness and long-term care -- Pain management: acute and chronic pain --  0aPharmacology. 0aTherapeutics. 0aNurse practitioners.12aPharmacological PhenomenavNurses' Instruction.22aDrug PrescriptionsvNurses' Instruction.22aDrug Therapyxnursing.22aNurse Practitioners.1 aWynne, Anita Lee,